| 000 | 00406nam a2200133Ia 4500 | ||
|---|---|---|---|
| 008 | 220204s9999 xx 000 0 und d | ||
| 082 |
_a338.43.01(5-13) _bROB |
||
| 245 | 0 | _aMeanings of agriculture : essays in South Asian history and economics | |
| 260 |
_aDelhi _bOxford University Press _c1996 |
||
| 650 | _aEconomic liberalization | ||
| 650 | _aIndian agriculture | ||
| 700 | _aRobb, Peter | ||
| 942 | _cBK | ||
| 999 |
_c41629 _d41629 |
||